Disney by Letter - A - Statistics

General Stats
  • This quiz has been taken 266 times
  • The average score is 11 of 16
Answer Stats
Movie Hint Answer % Correct
- Movie which features a Genie and a Magic Carpet Aladdin
97%
The Little Mermaid Red-haired Mermaid who longs to have legs Ariel
95%
Frozen Elsa's younger sister Anna
94%
- Movie which features the Mad Hatter and Cheshire Cat Alice in Wonderland
90%
Sleeping Beauty Princess who sleeps until woken by a kiss Aurora
90%
Aladdin Pet Monkey of Title Character Abu
89%
- Movie which features Thomas 'O Malley and the Duchess Aristocats
73%
The Sword and the Stone Boy who pulls sword from stone Arthur
72%
Frozen Kingdom where Elsa is queen Arendelle
65%
Aladdin City in which the movie takes place Agrabah
61%
Cinderella One of Cinderella's stepsisters Anastasia
61%
Princess and the Frog Song that Tiana sings to Mama Almost There
54%
Lady and the Tramp Antagonist cat who forms a duo with Si Am
46%
- Movie which features Milo and Kida Atlantis: The Lost Empire
44%
Treasure Planet Cat-like Captain Captain {Amelia}
13%
The Fox and the Hound Hunter who is the movie's antagonist and owner of Copper Amos Slade
12%
No matching quizzes found
Score Distribution
Percent of People with Each Score
Percentile by Number Answered
Your Score History
You have not taken this quiz